NBA Players by Letter - G - Statistics

General Stats
  • This quiz has been taken 38 times
  • The average score is 12 of 27
Answer Stats
Team Answer % Correct
Lakers Danny Green
88%
Warriors Draymond Green
88%
Clippers JaMychal Green
88%
Celtics Javonte Green
88%
Rockets Jeff Green
88%
Raptors Marc Gasol
68%
Jazz Rudy Gobert
60%
Magic Aaron Gordon
56%
Pistons Blake Griffin
56%
Rockets Eric Gordon
56%
Nuggets Jerami Grant
52%
Clippers Paul George
48%
Thunder Danilo Gallinari
40%
Hornets Devonte' Graham
36%
Hawks Treveon Graham
36%
Pelicans Josh Gray
32%
Spurs Rudy Gay
32%
Thunder Shai Gilgeous-Alexander
32%
Cavaliers Darius Garland
24%
Knicks Taj Gibson
24%
Pistons Langston Galloway
20%
Kings Harry Giles
16%
Kings Kyle Guy
12%
Trail Blazers Wenyen Gabriel
12%
Hawks Brandon Goodwin
8%
Bulls Daniel Gafford
8%
Grizzlies Marko Guduric
4%
No matching quizzes found
Score Distribution
Percent of People with Each Score
Percentile by Number Answered
Your Score History
You have not taken this quiz